000 00768nam a2200229Ia 4500
003 OSt
005 20251218155721.0
008 220923b |||||||| |||| 00| 0 eng d
020 _a08190105981
037 _cGeneral Book
040 _aRTL
_cRTL
_beng
041 _2eng
_aeng
084 _aY:3(S:515), P3
_qRTL
100 _aBalsekar Ramesh S.
_9144591
245 0 _aPeace and harmony in daily living: facing life moment to moment being anchored in tranquility
_b
260 _aMumbai
_bYogi Impressions Books
_c2003
300 _a289 p.
_bIncludes bibliographical references and index.
650 _aSociology
_9857895
700 _a Waterman Susan
_9144592
_eEditor
942 _hY:3(S:515), P3
_cGB
_2CC
_n0
999 _c591713
_d591713